000 00376nam a2200145Ia 4500
008 240624s9999 xx 000 0 und d
041 _aeng
082 _a658.83 MAL
100 _aMALHOTRA NARESH
245 _aMARKETING RESEARCH AN APPLIED ORIENTATIO
250 _a(6th ed.)
260 _c2011
_aNew Delhi
_bPearson
300 _axxviii, : 948 : p. : cm. ; 28
365 _cRS
999 _c20479
_d20479